00307 2200145 4500245003500000250001100035100001100046650001600057650001400073005001900087260001800106041001400124084001400138336000900152 aPotongan SayurancFirmanhText aCet. 1 aFirman aKarya Siswa aScrapbook a20250526093852 aJakartac2025 aIndonesia a081 FIR p atext